000 00676nam a22002297a 4500
005 20170124110029.0
010 _a962328
020 _c00.00
035 _a962328
037 _bCen Lib/Ret
040 _aDPL
_bEN
082 _a551.591
_bGOP
100 _aGopinathan, S.
_921360
245 _aWeather /
_cby S. Gopinathan;selected by Rafael Candel Vila
260 _aSingapore
_bFederal Publications
_c1977
270 _aNo.1, New Industrial Road
_bSingapore
_e057706
300 _axi,95p. :
_c18cm(Hb)
_bill.
650 _aEarth science
_920709
650 _aGeology
_917268
700 _aVila, Rafael Candel
_974526
942 _2ddc
_cEN
_h551.591
_mGOP
999 _c127729
_d127729